| 000 | 00591nam a2200181 i 4500 | ||
|---|---|---|---|
| 001 | 29388 | ||
| 003 | ES-MaACL | ||
| 005 | 20230906154027.0 | ||
| 007 | t| | ||
| 008 | 030121s1961 sp ||||1| spa d | ||
| 100 | 1 |
_aBarre, Raymond. _925875 |
|
| 245 | 1 | 0 |
_aEconomía política / _cpor Raymond Barre ; bajo la dirección de André Marchal ; traducción por José Ignacio García Lomas. |
| 260 |
_aBarcelona : _bAriel, _c[1961] |
||
| 300 |
_a2 v. ; _c24 cm. |
||
| 700 | 1 |
_aMarchal, André. _976404 |
|
| 700 | 1 |
_aGarcía Lomas, José Ignacio. _954833 |
|
| 852 |
_aES-MaACL _jC-20494-5 _bR.48869 |
||
| 999 |
_c29388 _d29388 |
||